| 000 -LEADER |
| fixed length control field |
00511nam a2200205Ia 4500 |
| 001 - CONTROL NUMBER |
| control field |
13828 |
| 003 - CONTROL NUMBER IDENTIFIER |
| control field |
GE_BSU |
| 005 - DATE AND TIME OF LATEST TRANSACTION |
| control field |
20221124164925.0 |
| 008 - FIXED-LENGTH DATA ELEMENTS--GENERAL INFORMATION |
| fixed length control field |
181216s1994||||enk|||||||||||||| ||eng|| |
| 020 ## - INTERNATIONAL STANDARD BOOK NUMBER |
| International Standard Book Number |
0140368914x |
| 040 ## - CATALOGING SOURCE |
| Transcribing agency |
GE_BSU |
| 041 ## - LANGUAGE CODE |
| Language code of text/sound track or separate title |
eng |
| 080 ## - UNIVERSAL DECIMAL CLASSIFICATION NUMBER |
| Universal Decimal Classification number |
821.111-3 R-54 |
| 100 ## - MAIN ENTRY--PERSONAL NAME |
| Personal name |
Ridley, Philip |
| 9 (RLIN) |
16064 |
| 245 ## - TITLE STATEMENT |
| Title |
Kasper in the Glitter / |
| Statement of responsibility, etc. |
Philip Ridley. |
| 264 ## - PRODUCTION, PUBLICATION, DISTRIBUTION, MANUFACTURE, AND COPYRIGHT NOTICE |
| Place of production, publication, distribution, manufacture |
London: |
| Name of producer, publisher, distributor, manufacturer |
Puffin Books, |
| Date of production, publication, distribution, manufacture, or copyright notice |
1994. |
| 300 ## - PHYSICAL DESCRIPTION |
| Extent |
245 p.; |
| Other physical details |
20 cm. |
| 653 ## - INDEX TERM--UNCONTROLLED |
| keyword |
Kasper in the Glitter |
| 942 ## - ADDED ENTRY ELEMENTS (KOHA) |
| Koha item type |
წიგნი |
| Source of classification or shelving scheme |
|